header

Ecosystem services (Record no. 202477)

MARC details
000 -LEADER
fixed length control field 01384nam a2200289 a 4500
245 10 - TITLE STATEMENT
Title Ecosystem services
260 ## - PUBLICATION, DISTRIBUTION, ETC. (IMPRINT)
Place of publication Washington, D.C. :
Name of publisher National Academies Press,
Year of publication 2012.
300 ## - PHYSICAL DESCRIPTION
Number of Pages xiv, 121 p. :
Other physical details ill. (some col.)
650 #0 - SUBJECT ADDED ENTRY--TOPICAL TERM
Topical Term Ecosystem services
Topical Term Sustainable development
856 40 - ELECTRONIC LOCATION AND ACCESS
Uniform Resource Identifier http://site.ebrary.com/lib/rucke/Doc?id=10565363

No items available.

© 2026 Rongo University
Contact us: librarian | system librarian | Rongo university